La estadística en los medios de comunicación como detonante del miedo en estudiantes Universitarias Colombianas /

El artículo expondrá algunos resultados relacionados con el estudio y comprensión del sesgo de la disponibilidad en el campo de la educación estadística desde una perspectiva crítico social. Se diseñó y aplicó en un grupo de control y tratamiento un instrumento de indagación que consistía en un conj...

Description complète

Détails bibliographiques
Auteur principal: Riaño Vargas, Angie
Autres auteurs: Rocha Salamanca, Pedro
Format: Livre
Langue:espagnol
Publié: 2020
Sujets:
Accès en ligne:https://revistas.udistrital.edu.co/index.php/revcie/article/view/15519

MARC

LEADER 00000nam a2200000 4500
005 20241203131937.0
008 241203b2020 |||a|||| |||| 00| | spa d
090 |a 14.02.02 
100 |a Riaño Vargas, Angie  |9 5008 
245 1 3 |a La estadística en los medios de comunicación como detonante del miedo en estudiantes Universitarias Colombianas /  |c Angie Riaño Vargas, Pedro Rocha Salamanca 
260 |c 2020 
300 |a 12 páginas;  |b 1 recurso electrónico 
500 |a Revista Científica. Vol. 37 no. 1 
520 |a El artículo expondrá algunos resultados relacionados con el estudio y comprensión del sesgo de la disponibilidad en el campo de la educación estadística desde una perspectiva crítico social. Se diseñó y aplicó en un grupo de control y tratamiento un instrumento de indagación que consistía en un conjunto de preguntas sobre los miedos que sienten estudiantes universitarias en relación con el cambio climático, la seguridad social, la estabilidad económica, la violencia e inseguridad; que pueden ser exacerbados por los medios de comunicación. 
650 1 4 |a JUVENTUD  |9 476 
650 1 4 |a INVESTIGACIÓN EDUCATIVA  |9 326 
650 1 4 |a ESTADÍSTICA   |9 549 
650 1 4 |a ESTUDIANTES UNIVERSITARIOS   |9 481 
700 |a Rocha Salamanca, Pedro  |9 5009 
856 |u https://revistas.udistrital.edu.co/index.php/revcie/article/view/15519 
942 |2 z  |c 08  |h 14.02.02  |6 140202 
999 |c 4106  |d 4106